| 000 | 00563nam a22001817a 4500 | ||
|---|---|---|---|
| 005 | 20240109064342.0 | ||
| 008 | 231026b |||||||| |||| 00| 0 eng d | ||
| 020 | _a409045810 ; 409045829 | ||
| 041 | _aEnglish | ||
| 082 | _a346.7 NOR | ||
| 100 |
_aBelcher, CI _lEnglish |
||
| 245 |
_aNorman's Purchase and Sale in South Africa / _cCI Belcher |
||
| 250 | _aFourth Edition | ||
| 260 |
_aDurban : _bButterworths & Co. (Pty) Ltd, _c1972 |
||
| 300 |
_blix, 521 pages ; _c26 cm. |
||
| 650 |
_aLegal practice _bLaw |
||
| 942 |
_cBK _6ALISON_BN_VRIES |
||
| 999 |
_c96 _d96 |
||